000 00599nam a2200241 a 4500
001 nice12345678
003 IN_TiNIC
005 20260116012314.0
008 050524s1979 dela grp 000 0 eng
020 _a
_c5
082 0 0 _a230
_bHAR1
100 _aHargreaves, Cecil
245 _aAsian Christian Thinking
_b Studies in a Metaphor and Its Message.
260 _aDelhi
_bISPCK
_c1979
300 _a185p
500 _aincludes index and biblioraphy
505 2 _aIndex
650 _aTheology-Asian
700 1 _aHargreaves, Cecil
902 _bSRS
942 _cBK
999 _c6474
_d6474